| 000 | 00683nam a2200133Ia 4500 | ||
|---|---|---|---|
| 008 | 171212s9999 xx 000 0 und d | ||
| 020 | _a9780833039927 | ||
| 100 | _aTeleki, Stephanie S.;Damberg, Cheryl L.;Sorbero, Melony E.;Fremont, Allen;Bradley, Lily | ||
| 245 |
_cTeleki, Stephanie S.;Damberg, Cheryl L.;Sorbero, Melony E.;Fremont, Allen;Bradley, Lily _aEvaluation of the Patient Safety Improvement Corps _bExperiences of the First Two Groups of Trainees |
||
| 260 |
_bRAND Corporation _c2006 |
||
| 650 | _aHealth Sciences | ||
| 650 | _aHospitals -- Safety measures; Medical errors -- Prevention; Medical care -- Quality control | ||
| 856 | _uwww.jstor.org/stable/10.7249/tr407ahrq | ||
| 999 |
_c352049 _d352049 |
||